000 00437nam a2200181Ia 4500
001 16908
005 20260306170345.0
008 260306t2007||||xx |||||||||||||| ||und||
041 _aESP
082 _a657.3
_bF81 2007
100 _aFranco Concha, Pedro
_eAUT
245 0 _aEvaluación de estados financieros
260 _c2007
300 _a265 pƔginas :
_c23 cm.
650 _aGEN
654 _aCCO
942 _cLIB
_dJUS
_fJUS
_2ddc
_n
999 _c16908
_d16908